[Event "CZE-ch Amateurs"]
[Site "Hluk"]
[Date "2025.05.09"]
[Round "7"]
[White "Zelba, Lukas"]
[Black "Sedmihradsky, Tomas"]
[Result "1/2-1/2"]
[WhiteElo "2121"]
[BlackElo "2002"]
[PlyCount "36"]
[EventDate "2025.05.06"]
[EventType "swiss"]
[EventRounds "9"]
[EventCountry "CZE"]
[SourceTitle "CB20_2025"]
[SourceDate "2025.05.14"]
[SourceVersion "1"]
[SourceVersionDate "2025.05.14"]
[SourceQuality "1"]

1. e4 c5 2. Nf3 d6 3. c3 Nf6 4. Be2 e6 5. 0-0 Be7 6. Re1 0-0 7. Bf1 Nc6 8. d4 cxd4 9. cxd4 a6 10. Nc3 b5 11. Bf4 Bb7 12. d5 Ne5 13. Bxe5 dxe5 14. dxe6 fxe6 15. Qb3 Qb6 16. Bc4 Bc5 17. Bxe6+ Kh8 18. Rf1 Bc8 1/2-1/2

[Event "Klatovy op-A 29th"]
[Site "Klatovy"]
[Date "2023.07.06"]
[Round "6"]
[White "Sedmihradsky, Tomas"]
[Black "Hosnedl, Jiri"]
[Result "0-1"]
[WhiteElo "1775"]
[BlackElo "1858"]
[PlyCount "84"]
[EventDate "2023.07.01"]
[EventType "swiss"]
[EventRounds "9"]
[EventCountry "CZE"]
[SourceTitle "CBM 215 Extra"]
[Source "ChessBase"]
[SourceDate "2023.09.30"]
[SourceVersion "1"]
[SourceVersionDate "2023.09.30"]
[SourceQuality "1"]

1. c4 e5 2. Nc3 Nf6 3. g3 d5 4. Bg2 c6 5. cxd5 cxd5 6. d3 Nc6 7. Bg5 d4 8. Nd5 Qa5+ 9. Bd2 Qd8 10. Nxf6+ Qxf6 11. Nf3 h6 12. 0-0 Be7 13. Rc1 Bd7 14. a3 0-0 15. b4 a6 16. Qb3 Qe6 17. Qb1 Rfc8 18. e3 dxe3 19. Bxe3 Nd8 20. Nd2 Bc6 21. Ne4 f5 22. Nc5 Bxc5 23. bxc5 Bxg2 24. Kxg2 Qd5+ 25. f3 Ne6 26. Qc2 Rc7 27. Qc4 Rd8 28. Rfd1 Kh8 29. Kf2 f4 30. gxf4 exf4 31. Bxf4 Nxf4 32. Qxf4 Rxc5 33. Rxc5 Qxc5+ 34. d4 Qxa3 35. Qc7 Qd6 36. Qxb7 Qxh2+ 37. Ke3 Re8+ 38. Qe4 Rxe4+ 39. fxe4 Qg3+ 40. Kd2 Qf4+ 41. Kc3 Qxe4 42. Kc4 Qc6+ 0-1

[Event "CZE-ch U14"]
[Site "Herlikovice"]
[Date "2021.10.29"]
[Round "8"]
[White "Mrazek, Adam"]
[Black "Sedmihradsky, Tomas"]
[Result "1/2-1/2"]
[WhiteElo "1279"]
[BlackElo "1309"]
[PlyCount "47"]
[EventDate "2021.10.23"]
[EventType "swiss"]
[EventRounds "9"]
[EventCountry "CZE"]
[SourceTitle "EXT 2023"]
[Source "ChessBase"]
[SourceDate "2022.10.05"]
[SourceVersion "1"]
[SourceVersionDate "2022.10.05"]
[SourceQuality "1"]

1. d4 f5 2. Nf3 g6 3. Nc3 Bg7 4. e4 d6 5. Bd3 fxe4 6. Nxe4 Bg4 7. h3 Bd7 8. Bg5 Nf6 9. Qd2 Bc6 10. Nxf6+ exf6 11. Bh6 0-0 12. 0-0-0 Bd5 13. Kb1 Nc6 14. c3 Qd7 15. h4 Qg4 16. h5 g5 17. Bxg7 Kxg7 18. Rh3 Bxf3 19. Rxf3 Qxg2 20. Rg3 Qd5 21. f4 h6 22. Rdg1 Qf7 23. fxg5 fxg5 24. Bg6 1/2-1/2

[Event "CZE-ch U14"]
[Site "Herlikovice"]
[Date "2021.10.28"]
[Round "6"]
[White "Sedmihradsky, Tomas"]
[Black "Vlcek, Vojtech"]
[Result "1/2-1/2"]
[WhiteElo "1309"]
[BlackElo "1554"]
[PlyCount "59"]
[EventDate "2021.10.23"]
[EventType "swiss"]
[EventRounds "9"]
[EventCountry "CZE"]
[SourceTitle "EXT 2023"]
[Source "ChessBase"]
[SourceDate "2022.10.05"]
[SourceVersion "1"]
[SourceVersionDate "2022.10.05"]
[SourceQuality "1"]

1. d4 d5 2. c3 Nf6 3. Bf4 c6 4. Nd2 Bf5 5. e3 e6 6. Qb3 Qb6 7. Ngf3 c5 8. Bxb8 Rxb8 9. Bb5+ Kd8 10. Be2 c4 11. Qxb6+ axb6 12. Ne5 Ke8 13. 0-0 Bd6 14. f4 Ke7 15. g4 Bxe5 16. gxf5 Bd6 17. fxe6 fxe6 18. b3 b5 19. e4 Ba3 20. Rfb1 b4 21. e5 Nd7 22. bxc4 bxc3 23. Nb3 Bb2 24. Rxb2 cxb2 25. Rb1 dxc4 26. Bxc4 Rhc8 27. Bd3 h6 28. Rxb2 b6 29. Rg2 Kf7 30. f5 1/2-1/2

[Event "CZE-ch Betsys Online Blitz"]
[Site "Chess.com INT"]
[Date "2021.04.17"]
[Round "1"]
[White "Galda, Tomas"]
[Black "Sedmihradsky, Tomas"]
[Result "1-0"]
[WhiteElo "1552"]
[BlackElo "1307"]
[PlyCount "95"]
[EventDate "2021.04.17"]
[EventType "swiss (blitz)"]
[EventRounds "13"]
[EventCountry "CZE"]
[SourceTitle "CBM 201 Extra"]
[Source "ChessBase"]
[SourceDate "2021.05.31"]
[SourceVersion "1"]
[SourceVersionDate "2021.05.31"]
[SourceQuality "1"]

1. e4 e6 2. Nf3 d5 3. e5 c5 4. c3 Nc6 5. Bb5 Bd7 6. Bxc6 Bxc6 7. d4 c4 8. 0-0 Be7 9. a4 a5 10. Na3 Qd7 11. Nb1 0-0-0 12. b3 b6 13. bxc4 dxc4 14. Nbd2 Bd5 15. Ba3 Bxa3 16. Rxa3 Ne7 17. Qb1 Kb7 18. Qb2 Rc8 19. Rb1 Rc6 20. Qb5 Rhc8 21. Qxa5 Ra8 22. Qb4 Ra5 23. Qxa5 Nf5 24. Qb4 Ka6 25. Qb5+ Kb7 26. a5 Qd8 27. axb6 Rxb6 28. Qxb6+ Qxb6 29. Rxb6+ Kxb6 30. g4 Ne7 31. Ng5 f6 32. exf6 gxf6 33. Nxh7 f5 34. g5 Ng6 35. Nf6 Bb7 36. Nxc4+ Kb5 37. Nd6+ Kc6 38. Nxb7 Kxb7 39. Nd7 Kc6 40. Nc5 Kd5 41. Ra6 Nf4 42. Nxe6 Kc4 43. Nxf4 Kxc3 44. Rf6 Kxd4 45. Rxf5 Ke4 46. Rf8 Ke5 47. g6 Kd6 48. g7 1-0

[Event "CZE-ch Betsys Online Blitz"]
[Site "Chess.com INT"]
[Date "2021.04.17"]
[Round "8"]
[White "Nikolinko, Tomas"]
[Black "Sedmihradsky, Tomas"]
[Result "1-0"]
[WhiteElo "1229"]
[BlackElo "1307"]
[PlyCount "99"]
[EventDate "2021.04.17"]
[EventType "swiss (blitz)"]
[EventRounds "13"]
[EventCountry "CZE"]
[SourceTitle "CBM 201 Extra"]
[Source "ChessBase"]
[SourceDate "2021.05.31"]
[SourceVersion "1"]
[SourceVersionDate "2021.05.31"]
[SourceQuality "1"]

1. b3 e5 2. Bb2 Nc6 3. e3 d5 4. Bb5 Bd7 5. Nf3 f6 6. Bxc6 Bxc6 7. Nc3 d4 8. exd4 exd4 9. Qe2+ Ne7 10. Ne4 Qd5 11. d3 f5 12. Ned2 Rd8 13. 0-0-0 f4 14. Nxd4 Rg8 15. Nxc6 Qxc6 16. Nf3 g6 17. Rhe1 Rd7 18. h3 Kd8 19. Qe6 Qxe6 20. Rxe6 Rd6 21. Rxd6+ cxd6 22. Re1 Kd7 23. Bf6 b6 24. Bxe7 Bxe7 25. Nd4 Bg5 26. f3 Rc8 27. c4 Bf6 28. Nb5 a6 29. Na3 h6 30. Kd1 g5 31. Re2 Bc3 32. Rc2 Bb4 33. Nb1 Bc5 34. Nc3 Ke6 35. Ne4 Ke7 36. Nxc5 dxc5 37. Re2+ Kf6 38. Kc2 Rd8 39. Kc3 Kf7 40. a3 Kg6 41. b4 Kg7 42. bxc5 Kf8 43. cxb6 Rb8 44. c5 Rc8 45. Kc4 Rc6 46. d4 Rc8 47. d5 a5 48. Kb5 Rb8 49. d6 Kf7 50. Re7+ 1-0

[Event "CZE-ch Betsys Online Blitz"]
[Site "Chess.com INT"]
[Date "2021.04.17"]
[Round "4"]
[White "Sedmihradsky, Tomas"]
[Black "Zacek, Petr"]
[Result "1-0"]
[WhiteElo "1307"]
[BlackElo "1921"]
[PlyCount "79"]
[EventDate "2021.04.17"]
[EventType "swiss (blitz)"]
[EventRounds "13"]
[EventCountry "CZE"]
[SourceTitle "CBM 201 Extra"]
[Source "ChessBase"]
[SourceDate "2021.05.31"]
[SourceVersion "1"]
[SourceVersionDate "2021.05.31"]
[SourceQuality "1"]

1. d4 d5 2. c4 e6 3. Nc3 Nf6 4. Bg5 Nbd7 5. Nf3 c6 6. e3 Qa5 7. c5 Ne4 8. Qc2 Nxg5 9. Nxg5 g6 10. Bd3 Bg7 11. a3 0-0 12. b4 Qd8 13. Nf3 e5 14. 0-0-0 e4 15. Bxe4 dxe4 16. Nxe4 Nf6 17. Nd6 a5 18. Kb1 axb4 19. axb4 Ne8 20. Nxc8 Qxc8 21. h4 h5 22. Rhg1 Qe6 23. Ng5 Qf5 24. e4 Qf4 25. g3 Qc7 26. f4 Nf6 27. Qe2 Ra7 28. f5 Rfa8 29. Qc4 Ra1+ 30. Kb2 Rxd1 31. Rxd1 Nh7 32. fxg6 Nxg5 33. hxg5 Rf8 34. gxf7+ Rxf7 35. g6 Kf8 36. gxf7 Qxg3 37. Qc2 Qf3 38. e5 Qd5 39. Rf1 h4 40. Qh7 1-0

[Event "CZE-ch U10"]
[Site "Kouty nad Desnou"]
[Date "2017.03.12"]
[Round "2"]
[White "Sedmihradsky, Tomas"]
[Black "Mohapl, Tomas"]
[Result "0-1"]
[WhiteElo "1145"]
[BlackElo "1293"]
[PlyCount "54"]
[EventDate "2017.03.11"]
[EventType "swiss"]
[EventRounds "9"]
[EventCountry "CZE"]
[SourceTitle "CBM 177 Extra"]
[Source "ChessBase"]
[SourceDate "2017.04.27"]
[SourceVersion "1"]
[SourceVersionDate "2017.04.27"]
[SourceQuality "1"]

1. e4 e5 2. Bc4 Nf6 3. Nf3 Nc6 4. d3 Bc5 5. Ng5 0-0 6. Nc3 h6 7. Nf3 d6 8. Be3 Bb6 9. Nd5 Nxd5 10. exd5 Ne7 11. d4 Bg4 12. dxe5 dxe5 13. h3 Bh5 14. g4 Bg6 15. Nxe5 Be4 16. Rg1 Bxd5 17. Bxd5 Qxd5 18. Qxd5 Nxd5 19. Bxb6 Nxb6 20. 0-0-0 Rfe8 21. Rge1 Re6 22. Re2 f6 23. Red2 Rxe5 24. Rd8+ Rxd8 25. Rxd8+ Kf7 26. Rb8 Nc4 27. b3 Re1# 0-1